000 00750nam a22002297a 4500
003 OSt
005 20251010015945.0
008 251010b |||||||| |||| 00| 0 eng d
020 _a978-0-415-44981-6.
040 _aDWCL-Admin lib
_cOC
082 _aCirc. 618.9285882 F559d 2009
100 _aFitzpatrick, Michael
245 _aDefeating autism : a damaging delusion/
_cMichael Fitzpatrick
260 _aLondon :
_bRoutledge,
_cc2009
300 _axviii, 165 p. ;
_c23 cm.
500 _aIncludes bibliographical references & index.
650 _a1. Autism in children-Alternative treatment.
650 _a2. Medical misconcepions
650 _a3. Mercury-Toxicology
650 _a4. Vaccination of children
942 _2ddc
_cBK-CIRC
_kCirc.
_n0
999 _c4801
_d4801